| 000 | 00689nam a2200205 a 4500 | ||
|---|---|---|---|
| 001 | 50621 | ||
| 003 | BD-RjUL | ||
| 005 | 20211209075534.0 | ||
| 008 | 160828s1960 nyuar 1 a0eng d | ||
| 035 | _a(BD-RjUL) 50741 | ||
| 040 |
_aMUL _cMUL _dOCL _dNYG _dNYS _dBOS _dBD-RjUL _beng |
||
| 041 | _aeng | ||
| 082 |
_223 _a360.7 _bCOE 1960 |
||
| 110 | 2 |
_aCouncil on Social Work Education _9148701 |
|
| 245 | 1 | 0 |
_aEducation for social work : _bproceedings of eighth Annual Program Meeting / _cCouncil on Social Work Education |
| 260 |
_aNew York, N.Y. : _bThe Council, _cc1960 |
||
| 300 |
_axvii, 186 p. : _bill. ; _c23 cm. |
||
| 650 | 0 |
_aSocial work education _xCongresses. _9151576 |
|
| 942 |
_2ddc _cBK |
||
| 999 |
_c50621 _d50621 |
||